[Event "Svetla nad Sazavou Mares Memorial"]
[Site "Svetla nad Sazavou"]
[Date "2023.12.29"]
[Round "4"]
[White "Motacek, Vladimir"]
[Black "Pexa, Jiri"]
[Result "1-0"]
[WhiteElo "1937"]
[BlackElo "1712"]
[PlyCount "61"]
[EventDate "2023.12.29"]
[EventType "swiss"]
[EventRounds "9"]
[EventCountry "CZE"]
[SourceTitle "CB02_2024"]
[SourceDate "2024.01.10"]
[SourceVersion "1"]
[SourceVersionDate "2024.01.10"]
[SourceQuality "1"]

1. e4 e5 2. Nf3 Nc6 3. Bb5 a6 4. Ba4 b5 5. Bb3 Bc5 6. 0-0 d6 7. h3 Nf6 8. Re1 0-0 9. c3 h6 10. d4 exd4 11. cxd4 Bb6 12. Nc3 Bb7 13. Bc2 Re8 14. a3 b4 15. Na4 bxa3 16. Rxa3 Nb4 17. Nxb6 Nxc2 18. Qxc2 cxb6 19. d5 Rc8 20. Rc3 Rxc3 21. bxc3 b5 22. Bf4 g5 23. Bg3 g4 24. hxg4 Nxg4 25. Qd2 Kg7 26. Nd4 Kg6 27. Nf5 Qf6 28. f3 Bc8 29. fxg4 Bxf5 30. exf5+ Kg7 31. Rxe8 1-0

[Event "Svetla nad Sazavou Mares Memorial"]
[Site "Svetla nad Sazavou"]
[Date "2023.12.29"]
[Round "9"]
[White "Zednicek, Filip"]
[Black "Pexa, Jiri"]
[Result "1-0"]
[WhiteElo "1854"]
[BlackElo "1712"]
[PlyCount "47"]
[EventDate "2023.12.29"]
[EventType "swiss"]
[EventRounds "9"]
[EventCountry "CZE"]
[SourceTitle "CB02_2024"]
[SourceDate "2024.01.10"]
[SourceVersion "1"]
[SourceVersionDate "2024.01.10"]
[SourceQuality "1"]

1. e4 e5 2. Nc3 Nc6 3. Bc4 Nf6 4. d3 h6 5. a3 Bc5 6. f4 Bxg1 7. Rxg1 d6 8. f5 Bd7 9. Be3 a6 10. Qd2 Nd4 11. 0-0-0 Bb5 12. Ba2 c5 13. g4 Nf3 14. Qf2 Nxg1 15. Rxg1 Qd7 16. g5 hxg5 17. Bxg5 0-0-0 18. Nd5 Rdg8 19. Nb6+ Kc7 20. Nxd7 Bxd7 21. Bxf7 Rf8 22. Ba2 Rh5 23. h4 g6 24. Bxf6 1-0